000 00547nam a2200193 a 4500
001 1778578638338
003 YourLibrary
005 20260512150838.0
008 260512s1992##################000#0#eng##
020 _a9780521264761
082 0 4 _a420.9
_bROG.3
100 1 _aHogg, Richard M.,
_eauthor.
245 1 0 _aThe Cambridge History of the English Language :
260 _bCambridge University Press,
_c1992.
300 _a812 pages
650 0 _aLanguage Arts & Disciplines.
942 _cENGLISH
040 _aYourLibrary
_beng
_cYourLibrary
999 _c623115
_d623115